Complex Variables Demystified (Record no. 1091)

MARC details
005 - DATE AND TIME OF LATEST TRANSACTION
control field 20250403130338.0
020 ## - INTERNATIONAL STANDARD BOOK NUMBER
International Standard Book Number 978-0-07-154920-2
082 ## - DEWEY DECIMAL CLASSIFICATION NUMBER
Classification number 515.9 McM
100 ## - MAIN ENTRY--PERSONAL NAME
Author name McMAHON, D.
245 ## - TITLE STATEMENT
Title Complex Variables Demystified
260 ## - PUBLICATION, DISTRIBUTION, ETC.
Place of publication, distribution, etc. New York,
Name of publisher, distributor, etc. McGraw Hill,
Date of publication, distribution, etc. 2008.
300 ## - PHYSICAL DESCRIPTION
Extent xii, 275p.: ill.; picture,
Other physical details index,
Dimensions 23cm.
942 ## - ADDED ENTRY ELEMENTS (KOHA)
Source of classification or shelving scheme Dewey Decimal Classification
Koha item type Books
Holdings
Date last seen Total checkouts Full call number Barcode Cost, replacement price Price effective from Koha item type Lost status Source of classification or shelving scheme Damaged status Not for loan Withdrawn status Home library Current library Shelving location Date acquired Cost, normal purchase price
04/03/2025   515.9 McM 0000004180 105360.00 04/03/2025 Books   Dewey Decimal Classification       College of Business Education Main Library College of Business Education Main Library General Collection 04/03/2025 35120.00
04/03/2025   515.9 McM 0000004181 105360.00 04/03/2025 Books   Dewey Decimal Classification       College of Business Education Main Library College of Business Education Main Library General Collection 04/03/2025 35120.00
04/03/2025   515.9 McM 0000004182 105360.00 04/03/2025 Books   Dewey Decimal Classification       College of Business Education Main Library College of Business Education Main Library General Collection 04/03/2025 35120.00
04/03/2025   515.9 McM 0000004183 105360.00 04/03/2025 Books   Dewey Decimal Classification       College of Business Education Main Library College of Business Education Main Library General Collection 04/03/2025 35120.00
04/03/2025   515.9 McM 0000004184 105360.00 04/03/2025 Books   Dewey Decimal Classification       College of Business Education Main Library College of Business Education Main Library General Collection 04/03/2025 35120.00